|
|
|
|
| LEADER |
00000nam0a2200000 4500 |
| 001 |
176688 |
| 005 |
20231031165352.0 |
| 020 |
|
|
|a RU
|b 85-81427
|
| 035 |
|
|
|a (RuTPU)RU\TPU\book\191580
|
| 090 |
|
|
|a 176688
|
| 100 |
|
|
|a 20100303d1985 k y0rusy5003 ca
|
| 101 |
0 |
|
|a rus
|
| 102 |
|
|
|a RU
|
| 105 |
|
|
|a y z 001zy
|
| 200 |
1 |
|
|a Проблемы квантовой теории нелокальных взаимодействий
|f Г. В. Ефимов
|
| 215 |
|
|
|a 215 с.
|
| 320 |
|
|
|a Библиогр.: с. 213-215.
|
| 610 |
1 |
|
|a квантовая теория поля
|
| 610 |
1 |
|
|a проблемы
|
| 610 |
1 |
|
|a нелокальные взаимодействия
|
| 610 |
1 |
|
|a уравнения Шредингера
|
| 610 |
1 |
|
|a функциональные интегралы
|
| 610 |
1 |
|
|a вакуум
|
| 610 |
1 |
|
|a плотность энергии
|
| 610 |
1 |
|
|a модель Юкавы
|
| 610 |
1 |
|
|a виртонное поле
|
| 675 |
|
|
|a 530.145
|v 3
|
| 700 |
|
1 |
|a Ефимов
|b Г. В.
|g Гарий Владимирович
|4 070
|
| 801 |
|
0 |
|a RU
|b RuMRKP
|c 19950704
|g psbo
|
| 801 |
|
1 |
|a RU
|b 63413507
|c 20100303
|
| 801 |
|
2 |
|a RU
|b 63413507
|c 20200127
|g RCR
|
| 942 |
|
|
|c BK
|